| 000 | 00683nam a2200193 4500 | ||
|---|---|---|---|
| 999 |
_c195927 _d195927 |
||
| 005 | 20230510160629.0 | ||
| 010 | _aENG-136831 | ||
| 020 |
_a9788183249508 _c500.00 |
||
| 035 | _aEN-120363 | ||
| 037 | _bDBAD/PUB | ||
| 082 | _a362.19820954 | ||
| 100 | _aIslary, Jacob | ||
| 245 |
_aPregnancy And Pregnancy Care Pratice: _bThe Lived Experience of the Bodos/ _c By Jacob Islary and forwarded by Virginius Xaxa |
||
| 260 |
_aNew Delhi _bMittal Publications _c2020 |
||
| 270 |
_a4594/9, Daryaganj _bNew Delhi _e110002 _minfo@mittalbooks.com _k23250398 _l91-11-41564398 |
||
| 300 |
_a126p _c22cm(hbk) |
||
| 700 | _aXaxa, Virginius | ||
| 942 |
_2ddc _cEN _mISL _h362.19820954 |
||